| 000 | 01706nam0a2200361 4500 | ||
|---|---|---|---|
| 001 | RU\NLR\BIBL_A\011517964 | ||
| 005 | 20241114203249.0 | ||
| 010 |
_a9785950057717 _9300 |
||
| 021 |
_aRU _b2017-78312 _95585 |
||
| 035 | _a(RuMoRGB)009421771 | ||
| 035 | _a(NLR Aleph) 011517964 | ||
| 090 |
_a12082154 _c12082154 |
||
| 100 | _a20171108d2017 k y0rusy50 ca | ||
| 101 | 0 | _arus | |
| 102 | _aRU | ||
| 105 | _aac zzzz000|y | ||
| 200 | 1 |
_aМагнитные фазовые переходы _eсборник трудов XII международного семинара, 7 сентября 2017 г., Махачкала |
|
| 210 |
_aМахачкала _c[б. и.] _d2017 |
||
| 215 |
_a123 с. _cил., портр., табл. _d21 |
||
| 300 | _aВ надзаг.: Федеральное агентство научных организаций, Институт физики им. Х. И. Амирханова ДНЦ РАН, Дагест. гос. ун-т, Челяб. гос. ун-т | ||
| 300 | _aНа обл.: Ин-т физики ДНЦ РАН, 60 лет | ||
| 320 | _aБиблиогр. в конце ст. | ||
| 606 |
_aМагнитные фазовые переходы _jСъезды, совещания и т.п _92345570 _3RU\NLR\AUTH\6601624966 |
||
| 610 | 0 | _aмагнитные фазовые переходы | |
| 686 |
_aВ377.3я431(0) _2rubbk |
||
| 686 |
_aВ317.24я431(0) _2rubbk |
||
| 686 | 1 | _aВ373.3я431(0) | |
| 711 | 1 | 2 |
_a"Магнитные фазовые переходы", международный семинар _d12 _eМахачкала _f2017 _9575794 _3RU\NLR\AUTH\880456274 |
| 942 | _cBOOK | ||
| 980 | _aNBR | ||